La economía del siglo XX

Պահպանված է:
Մատենագիտական մանրամասներ
Հիմնական հեղինակ: Perroux, Francois (Հեղինակ)
Ձևաչափ: Գիրք
Լեզու:իսպաներեն
Հրապարակվել է: Barcelona Ariel 1964
Շարք:Colección de Ciencia y Economía
Խորագրեր:
Ցուցիչներ: Ավելացրեք ցուցիչ
Չկան պիտակներ, Եղեք առաջինը, ով նշում է այս գրառումը!

MARC

LEADER 00000nam a2200000 a 4500
001 UCY1870
003 CL-VaPUC
008 940926e19640000SP |||||||||||||||||spa|d
082 0 4 |a 330  |b PER  |2 21 
100 0 |a Perroux, Francois  |e author  |9 329922 
245 1 3 |a La economía del siglo XX 
300 |a 611 p 
942 |c BK 
945 |d 19940926 00:00:00  |a oaravena 
260 |a Barcelona  |b Ariel  |c 1964 
650 7 |a ECONOMIA HISTORIA SIGLO 20  |2 CL-VaPUC  |9 329923 
583 |a last modification  |c 19940926 00:00:00  |k Rodrigo Vera 
490 0 |a Colección de Ciencia y Economía 
999 |c 230451  |d 230449 
952 |0 0  |1 0  |4 0  |6 330_000000000000000_PER_1964  |7 0  |8 A  |9 232724  |a BIBHIS  |b BIBHIS  |d 2019-11-15  |i 3019748  |o 330 PER 1964  |p 3019748  |r 2025-01-20  |w 2019-11-15  |y BK  |k HIS 
952 |0 0  |1 0  |4 0  |6 330_000000000000000_PER_1964  |7 0  |8 A  |9 232725  |a BIBING  |b BIBING  |d 2019-11-15  |i 1640674  |o 330 PER 1964  |p 1640674  |r 2025-01-20  |w 2019-11-15  |y BK  |k GEO 
952 |0 0  |1 0  |4 0  |6 330_000000000000000_PER_1964  |7 0  |8 A  |9 232726  |a BIBING  |b BIBING  |d 2019-11-15  |i 1640593  |o 330 PER 1964  |p 1640593  |r 2025-01-20  |w 2019-11-15  |y BK  |k GEO